<?xml version="1.0" encoding="UTF-8"?>
<marc:record xmlns:marc="http://www.loc.gov/MARC21/slim">
   <marc:leader>00000nam a2200000 a 4500</marc:leader>
   <marc:datafield ind1="1" ind2=" " tag="100">
      <marc:subfield code="a">Kriechbaumer, Robert</marc:subfield>
      <marc:subfield code="4">aut</marc:subfield>
      <marc:subfield code="e">Verfasser/-in</marc:subfield>
   </marc:datafield>
   <marc:datafield ind1=" " ind2=" " tag="653">
      <marc:subfield code="a">Geschichte 1933-1944</marc:subfield>
   </marc:datafield>
   <marc:datafield ind1=" " ind2=" " tag="653">
      <marc:subfield code="a">Kulturpolitik</marc:subfield>
   </marc:datafield>
   <marc:datafield ind1=" " ind2=" " tag="653">
      <marc:subfield code="a">Propaganda</marc:subfield>
   </marc:datafield>
   <marc:datafield ind1=" " ind2=" " tag="653">
      <marc:subfield code="a">Salzburger Festspiele</marc:subfield>
   </marc:datafield>
   <marc:datafield ind1=" " ind2=" " tag="653">
      <marc:subfield code="a">Softcover / Sachbücher/Geschichte/20. Jahrhundert (bis 1945)</marc:subfield>
   </marc:datafield>
   <marc:datafield ind1="0" ind2="0" tag="245">
      <marc:subfield code="a">Zwischen Österreich und Großdeutschland</marc:subfield>
   </marc:datafield>
   <marc:datafield ind1="0" ind2="0" tag="245">
      <marc:subfield code="b">eine politische Geschichte der Salzburger Festspiele 1933 - 1944</marc:subfield>
   </marc:datafield>
   <marc:datafield ind1="0" ind2="0" tag="245">
      <marc:subfield code="c">Robert Kriechbaumer</marc:subfield>
   </marc:datafield>
   <marc:datafield ind1=" " ind2="1" tag="264">
      <marc:subfield code="a">Wien</marc:subfield>
      <marc:subfield code="b">Böhlau</marc:subfield>
      <marc:subfield code="c">2013</marc:subfield>
   </marc:datafield>
   <marc:datafield ind1="1" ind2=" " tag="490">
      <marc:subfield code="a">Schriftenreihe des Forschungsinstitutes für Politisch-Historische Studien der Dr.-Wilfried-Haslauer-Bibliothek, Salzburg</marc:subfield>
      <marc:subfield code="v">Bd. 46</marc:subfield>
   </marc:datafield>
   <marc:datafield ind1="1" ind2=" " tag="520">
      <marc:subfield code="a">Angaben aus der Verlagsmeldung

Zwischen Österreich und Großdeutschland : Eine politische Geschichte der Salzburger Festspiele 1933–1944 / von Robert Kriechbaumer

Die Salzburger Festspiele spielten zwischen 1933 und 1938 eine zentrale Rolle im Kampf des Ständestaates gegen den Nationalsozialismus. Durch die Internationalisierung infolge der 1.000-Mark-Sperre, die massive Unterstützung vor allem auch durch ein nunmehr internationales (jüdisches) Publikum und die internationale Strahl- und Anziehungskraft Toscaninis wurde die in unmittelbarer Nähe des Berghofs von den Regierungen Dollfuß und Schuschnigg propagierte und inszenierte Österreich-Ideologie zu einem bevorzugten Objekt des NS-Terrors und der nationalsozialistischen Propaganda. 1938 erfolgte die deutschvölkische und rassistische Uminterpretation der Festspielideologie in Form einer Beseitigung des jüdisch-katholisch-österreichischen Geistes und dessen Exponenten. Durch den Ausbruch des Zweiten Weltkrieges wurden die Salzburger Festspiele neben jenen von Bayreuth zu einem festen Bestandteil der Kriegspropaganda.
</marc:subfield>
   </marc:datafield>
   <marc:datafield ind1=" " ind2=" " tag="020">
      <marc:subfield code="a">9783205789413</marc:subfield>
      <marc:subfield code="9">9783205789413</marc:subfield>
   </marc:datafield>
   <marc:datafield ind1=" " ind2=" " tag="020">
      <marc:subfield code="a">3205789415</marc:subfield>
      <marc:subfield code="9">3205789415</marc:subfield>
   </marc:datafield>
   <marc:datafield ind1=" " ind2=" " tag="041">
      <marc:subfield code="a">ger</marc:subfield>
   </marc:datafield>
   <marc:datafield ind1=" " ind2=" " tag="300">
      <marc:subfield code="a">445 S.</marc:subfield>
   </marc:datafield>
</marc:record>
